Fr. Conceicao Rodrigues College of Engineering

Object oriented programming With C++ (Record no. 22117)

MARC details
000 -LEADER
fixed length control field 00389nam a2200181Ia 4500
082 ## - DEWEY DECIMAL CLASSIFICATION NUMBER
Classification number 005.133/BAL
Item number BAL
100 ## - MAIN ENTRY--PERSONAL NAME
Personal name Balagurusamy/ E.
250 ## - EDITION STATEMENT
Edition statement 3
245 ## - TITLE STATEMENT
Title Object oriented programming With C++
260 ## - PUBLICATION, DISTRIBUTION, ETC.
Name of publisher, distributor, etc. Tata Mc Graw hill Ltd.
Place of publication, distribution, etc. New Delhi
Date of publication, distribution, etc. 2006
366 ## - TRADE AVAILABILITY INFORMATION
Publishers's discount category 15
300 ## - PHYSICAL DESCRIPTION
Extent 614
546 ## - LANGUAGE NOTE
Language note ENGLISH
650 ## - SUBJECT ADDED ENTRY--TOPICAL TERM
Topical term or geographic name entry element C++
654 ## - SUBJECT ADDED ENTRY--FACETED TOPICAL TERMS
Focus term C++
942 ## - ADDED ENTRY ELEMENTS (KOHA)
Koha item type BOOK
Holdings
Withdrawn status Lost status Damaged status Not for loan Collection Home library Current library Shelving location Date acquired Source of acquisition Cost, normal purchase price Inventory number Total Checkouts Full call number Barcode Date last seen Cost, replacement price Price effective from Koha item type Total Renewals Date last checked out
        CRC Fr. Agnel's C.Rodrigues College of Engineering Fr. Agnel's C.Rodrigues College of Engineering   17/03/2023 Unique Book Distributors 205.00 5363 dt 29/06/2007   005.133/BAL BAL 17424 17/03/2023 220.00   BOOK    
        CRC Fr. Agnel's C.Rodrigues College of Engineering Fr. Agnel's C.Rodrigues College of Engineering   17/03/2023 Unique Book Distributors 205.00     005.133/BAL BAL 17425 17/03/2023 220.00   BOOK    
        CRC Fr. Agnel's C.Rodrigues College of Engineering Fr. Agnel's C.Rodrigues College of Engineering   17/03/2023 Unique Book Distributors 205.00   2 005.133/BAL BAL 17426 06/01/2026 220.00   BOOK 1 24/12/2025
        CRC Fr. Agnel's C.Rodrigues College of Engineering Fr. Agnel's C.Rodrigues College of Engineering   17/03/2023 Unique Book Distributors 205.00     005.133/BAL BAL 17427 17/03/2023 220.00   BOOK    
        CRC Fr. Agnel's C.Rodrigues College of Engineering Fr. Agnel's C.Rodrigues College of Engineering   17/03/2023 Unique Book Distributors 205.00     005.133/BAL BAL 17428 17/03/2023 220.00   BOOK